000 00652nam a2200289Ia 4500
005 20260324150028.0
008 008 260324s9999 xx 000 0 eng d
020 _a9781003371083
037 _aEBOOK
040 _aCRL
040 _beng
040 _cCRL
041 _2eng
041 _aeng
084 _qCRL
100 _aAlison Adburgham
_91225019
245 0 _aLiberty's
245 2 _bA Biography of a Shop
260 _bTaylor and Francis
260 _c1975
365 _a
365 _b145
856 _uhttp://www.taylorfrancis.com/books/9781003371083
942 _cEBOOK
999 _c1833784
_d1833784